000 01419nam a2200373 a 4500
001 ebr10369704
003 CaPaEBR
006 m u
007 cr cn|||||||||
008 980928s1998 enk sb 001 0deng d
010 _z 98061372
020 _z0803975503
020 _z0803975511 (pbk.)
020 _z9780803975507
020 _z9780857022875 (e-book)
040 _aCaPaEBR
_cCaPaEBR
035 _a(OCoLC)654650760
050 1 4 _aHM585
_b.T83 1998eb
082 0 4 _a301/.01
_221
100 1 _aTucker, Kenneth H.
245 1 0 _aAnthony Giddens and modern social theory
_h[electronic resource] /
_cKenneth H. Tucker, Jr.
260 _aLondon ;
_aThousand Oaks, Calif. :
_bSage,
_c1998.
300 _a224 p.
504 _aIncludes bibliographical references and index.
505 0 _apt. 1. The reconstruction of social theory -- pt. 2. Social change and modernity.
533 _aElectronic reproduction.
_bPalo Alto, Calif. :
_cebrary,
_d2013.
_nAvailable via World Wide Web.
_nAccess may be limited to ebrary affiliated libraries.
600 1 0 _aGiddens, Anthony.
650 0 _aSociology
_xPhilosophy.
650 0 _aSocial sciences
_xPhilosophy.
650 0 _aSociology
_xMethodology.
655 7 _aElectronic books.
_2local
710 2 _aebrary, Inc.
856 4 0 _uhttp://site.ebrary.com/lib/rucke/Doc?id=10369704
_zAn electronic book accessible through the World Wide Web; click to view
999 _c213387
_d213387